000 01075cam a2200265 a 4500
001 4944430
005 20241107154100.0
008 960612s1996 cau b 001 0 eng
020 _a0787903124 (cloth : alk. paper)
050 0 0 _aKF505
_b.C68 1996
082 0 0 _a362.82/86
_220
100 1 _aCoulson, Robert,
_d1924-
245 1 0 _aFamily mediation :
_bmanaging conflict, resolving disputes /
_cRobert Coulson.
250 _a2nd ed.
260 _aSan Francisco :
_bJossey-Bass Publishers,
_cc1996.
300 _axv, 171 p. ;
_c24 cm.
_bIndex
650 0 _aFamily mediation
_zUnited States.
650 0 _aDivorce mediation
_zUnited States.
650 0 _aDispute resolution (Law)
_zUnited States.
650 0 _aDomestic relations
_zUnited States.
856 4 2 _3Publisher description
_uhttp://www.loc.gov/catdir/description/wiley035/96025262.html
856 4 _3Table of Contents
_uhttp://www.loc.gov/catdir/toc/onix07/96025262.html
856 4 2 _3Contributor biographical information
_uhttp://www.loc.gov/catdir/enhancements/fy0705/96025262-b.html
942 _2lcc
_cBK
_e2nd Ed.
_n0
999 _c823
_d823